000 00675cab a2200229 4500
001 WB3219-58
008 090401t1996 xxu||||| |||| 00| 0 eng d
035 _a(Sirsi) u2007
041 _aeng
245 _aHot property
260 _c1996
350 _a0
490 _aSunday Business
_v12 May 1996, 19(2)
520 _aJames Ritblat has left British Land to set up his own property fund management company Freehold Property Estates.
650 _aBRITISH LAND
650 _aFREEHOLD PROPERTY ESTATES
650 _aFUND MANAGEMENT
650 _aJAMES RITBLAT
690 _aMANAGEMENT-BUSINESS MANAGEMENT-PROFESSIONAL PRACTICE
942 _n0
948 _c04/03/1997
999 _c1190
_d1190